| 000 -LEADER |
| fixed length control field |
00640nam a22002057a 4500 |
| 005 - DATE AND TIME OF LATEST TRANSACTION |
| control field |
20260115101925.0 |
| 008 - FIXED-LENGTH DATA ELEMENTS--GENERAL INFORMATION |
| fixed length control field |
240808b ||||| |||| 00| 0 eng d |
| 040 ## - CATALOGING SOURCE |
| Transcribing agency |
SSBUL |
| 041 ## - LANGUAGE CODE |
| Language code of text/sound track or separate title |
English |
| 082 ## - DEWEY DECIMAL CLASSIFICATION NUMBER |
| Edition number |
23 |
| Classification number |
179 Kn |
| Item number |
17338 (S-KZN) |
| 100 1# - MAIN ENTRY--PERSONAL NAME |
| Personal name |
Knaebel, Jeff |
| 9 (RLIN) |
50958 |
| 245 1# - TITLE STATEMENT |
| Title |
Experiments in moral sovereignty\bnotes of an American exile / |
| Statement of responsibility, etc. |
Jeff Knaebel. |
| 260 ## - PUBLICATION, DISTRIBUTION, ETC. |
| Place of publication, distribution, etc. |
Jaipuer : |
| Name of publisher, distributor, etc. |
Friends of the Gandhi Museum, Pune, |
| Date of publication, distribution, etc. |
2006. |
| 300 ## - PHYSICAL DESCRIPTION |
| Extent |
230 pages ; |
| Dimensions |
23 cm. |
| 500 ## - GENERAL NOTE |
| General note |
S-KN: Ashin Khemānanda |
|
| General note |
S-KZN: Prof. Kyaw Zaw Naing |
| 650 ## - SUBJECT ADDED ENTRY--TOPICAL TERM |
| Topical term or geographic name entry element |
Nonviolence |
| 9 (RLIN) |
6605 |
|
| Topical term or geographic name entry element |
Sovereignty |
| 9 (RLIN) |
50959 |
| 942 ## - ADDED ENTRY ELEMENTS (KOHA) |
| Source of classification or shelving scheme |
|
| Koha item type |
Book (Short term) |